| 000 | 00715nam a2200253I 4500 | ||
|---|---|---|---|
| 001 | 14934 | ||
| 003 | BD-RjUL | ||
| 005 | 20211208235723.0 | ||
| 008 | 140208r19661961enka b 000 0 eng | ||
| 035 | _a(BD-RjUL)14988 | ||
| 040 |
_aDLC _cBD-RjUL _dBD-RjUL _beng |
||
| 041 | _aeng | ||
| 082 |
_a621.314 _bTRA 1966 |
||
| 090 |
_aTK2551 _b.C752 |
||
| 099 | _aTK2551.C752 | ||
| 245 | 1 | 0 | _aTransformers/Edited by Alexander Schure |
| 260 |
_aNew york _bJohn F. Rider Publisher _c[1961] reprinted 1966 |
||
| 300 |
_avi, 82 p. _billus. _c21 cm. |
||
| 490 | _aElectronic Technology Series | ||
| 504 | _aIncludes bibliographies. | ||
| 650 | 0 |
_aElectric transformers. _939223 |
|
| 942 |
_2ddc _cBK |
||
| 999 |
_c14934 _d14934 |
||